00584nam a2200181Ia 4500008004100000020001500041041001200056082001600068100001200084245005500096260003300151300000800184650001500192700001300207942000700220999001500227952016000242221030s9999 xx 000 0 und d a8173192111 aEnglish a105.23bBas aN. Basu 3aAn Introduction to Mechanicscby N. Basu, S. Nanda bNarosa Pub.aNew Delhic1999 a419 aMechanical aS. Nanda cBK c2617d2617 pBE 1610g280.00l0o105.23 Basr2024-06-13 00:00:00w2022-10-30yBK003Print4071aMIETLIBbMIETLIBcBL-Second, FL-1, CUP-1, SH-1, R-1d2000-05-1110HBE